00416nam a22001697a 450000500170000000800410001702000180005808200150007610000170009124500360010825000120014426000340015630000080019050000190019865000120021770000170022920230718144927.0230718b |||||||| |||| 00| 0 eng d a9780723415268 a611bMCM-C aR.M.H Mcminn aA Colour atlas of human anatomy a2nd ed. aEnglandbWolfe medical c1988 a358 aIncludes Index aMedical aR.M.H.Mcminn